| 000 | 00470ntaaa2200169 4500 | ||
|---|---|---|---|
| 003 | 01 | ||
| 005 | 20251027201250.0 | ||
| 008 | 0714s1973 ag 01 | ||
| 040 |
_aAR-BaBN _bspa _cAR-BaBN _eaacr _dRIC |
||
| 082 | _a220.93 M76 | ||
| 100 |
_aMontet, Pierre _910825 |
||
| 245 |
_aEveryday life in Egypt; in the days of Ramesses the Great. / _cPierre Montet |
||
| 250 |
_a1 ed. : _bEdward Arnold, _cc1958 |
||
| 300 | _axvi, 365 p. | ||
| 650 |
_aArqueologÃa _95159 |
||
| 942 | _cBK | ||
| 999 |
_c7011 _d7011 |
||